000 01488nam0a2200361 4500
001 RU\NLR\b_ik\203918
005 20250613195128.0
021 _aRU
_b2013-59199
_94072
035 _a(NLR Aleph) 009999690
090 _a9785544
_c9785544
100 _a20130828d2013 |||y0rusy50 ca
101 0 _aeng
_drus
102 _aRU
105 _ay |||||||||
200 1 _aObligations, sophisms and insolubles
_fStephen Read
210 _aMoscow
_cНациональный исследовательский университет "Высшая школа экономики"
_d2013
215 _a30, [1] с.
_d20
225 1 _aWorking paper
_fHigher school of economics, Nat. research univ.
_hSeries WP6
_iHumanities
_vWP6/2013/01
300 _aВ вып. дан.: Диспуты с предписаниями, софизмы и инсолюблии / Рид Стивен
300 _aРез. на рус. яз.
320 _aБиблиогр.: с. 28-30
517 0 _aДиспуты с предписаниями, софизмы и инсолюблии
541 1 _aДиспуты с предписаниями, софизмы и инсолюблии
606 1 _aПарадоксы логические
_9992473
_3RU\NLR\AUTH\6657225
686 1 _aЮ3(0)321-212
686 1 _aЮ45
700 1 _aRead
_bS.
_gStephen
_4070
801 0 _aRU
_bNLR
_c20130828
_gRCR
801 1 _aRU
_bNLR
_c20130828
942 _cBOOK
980 _aNB